The English literature companion / (رقم التسجيلة. 14313)

تفاصيل مارك
000 -الفاتح
حقل البيانات ثابتة الطول 02346cam a22003614a 4500
001 - رقم الضبط
رقم الضبط 16600906
003 - محدد رقم الضبط
رقم الضبط OSt
005 - وقت وتاريخ اخر تعامل مع التسجيلة
رقم الضبط 20150408113918.0
008 - عناصر البيانات ثابتة الطول - معلومات عامة
حقل البيانات ثابتة الطول 110106s2011 enk b 001 0 eng
010 ## - رقم ضبط مكتبة الكونجرس
رقم ضبط مكتبة الكونجرس 2011000361
020 ## - الرقم الدولى المعيارى للكتب
الرقم الدولى المعيارى للكتاب 9780230008137 (pbk. : perm paper)
020 ## - الرقم الدولى المعيارى للكتب
الرقم الدولى المعيارى للكتاب 0230008135 (pbk. : perm paper)
035 ## - رقم ضبط النظام
رقم ضبط النظام (OCoLC)ocn696321813
040 ## - مصدر الفهرسة
وكالة الفهرسة الأصلية DLC
وكالة النسخ DLC
وكالة التعديل YDX
-- CTN
-- YDXCP
-- BWX
-- CDX
-- DLC
042 ## - رمز التحقق
رمز التحقق pcc
050 00 - رقم طلب مكتبة الكونجرس
رقم المادة .W65 2011
082 00 - رقم تصنيف ديوى العشرى
رقم التصنيف 820.9
رقم الطبعة 22
084 ## - رقم تصنيف آخر
مصدر الرقم bisacsh
100 1# - المدخل الرئيسى - إسم شخصى
الإسم الشخصى Wolfreys, Julian,
التواريخ المصاحبة للاسم 1958-
9 (RLIN) 4191
245 14 - بيان العنوان
العنوان The English literature companion /
بيان المسئوليه,etc Julian Wolfreys.
260 ## - PUBLICATION, DISTRIBUTION, ETC. (IMPRINT)
مكان الناشر او الموزع Houndmills, Basingstoke, Hampshire ;
-- New York :
اسم الناشر او الموزع Palgrave Macmillan,
تاريخ النشر أو التوزيع 2011.
300 ## - الوصف المادى
التعداد xviii, 421 p. ;
أبعاد الوعاء 24 cm.
490 1# - بيان السلسلة
عنوان السلسلة Palgrave student companions
504 ## - تبصرة ببليوجرافية
تبصرة ببليوجرافية,الخ Includes bibliographical references (p. 395-402) and index.
505 8# - تبصرة محتويات-الفهرس
تبصرة المحتويات المصاغة Machine generated contents note: -- How to use the book -- PART I: STUDYING LITERATURE -- Studying Literature -- Your Literature Course -- Study Skills for Literature -- PART II: LITERATURE -- Literature -- Forms &--Genre -- Other Popular Modules &--Options -- PART III: CRITICAL APPROACHES -- PART IV: TERMS AND CONCEPTS -- PART V: CAREER PATHWAYS -- PART VI: LEARNING RESOURCE -- Chronology.
520 ## - التبصرة الخاصة بالتعليق أو التلخيص
ملخص,الخ "JULIAN WOLFREYS is Senior Lecturer in the Department of English and Drama at Loughborough University, UK. He was previously Professor in Literature at the University of Florida, USA. His teaching and research is concerned with 19th- and 20th-century British literary and cultural studies, literary theory, the poetics and politics of identity, and the idea of the city. He is the series editor of Transitions and his publications include Introducing Literary Theories (ed. 2001), Readings: Acts of Close Reading in Literary Theory (2001) Glossalalia: An Alphabet of Critical Keywords (2003), and Thinking Otherwise: Difference and Pedagogy (2004)"--
650 #0 - المدخل الاضافى بالموضوع-مصطلح موضوعى
مصطلح موضوعي أو اسم جغرافي كعنصر مدخل English literature
التقسيم الفرعي العام History and criticism.
830 #0 - المدخل الاضافى بالسلسلة -عنوان موحد
عنوان موحد Palgrave student companions.
9 (RLIN) 9938
856 42 - الوصول و الموقع الالكترونى
مواد محددة Cover image
معرف المصدر الموحد <a href="http://www.netread.com/jcusers/1388/2270753/image/lgcover.9780230008137.jpg">http://www.netread.com/jcusers/1388/2270753/image/lgcover.9780230008137.jpg</a>
906 ## - عنصر بيانات محلى F, LDF (RLIN)
a 7
b cbc
c orignew
d 1
e ecip
f 20
g y-gencatlg
942 ## - عناصر المدخل الإضافي( كوها)
مصدر التصنيف او مخطط الترفيف Dewey Decimal Classification
Koha [default] item type كتاب
المقتنيات
حالة الفقد نموذج السعر الفعال حالة تلف ليس للاعارة رقم الطلب تاريخ الاكتساب الموقع الحالي الباركود الفرع الرئيسي Date last seen نوع المادة فى نظام كوها مصدر التصنيف او خطة الترفيف Total Checkouts
  2013-03-10     820.9 WJE 2011-09-10 قسم الاجراءات الفنية (IC) 00101694 قسم الاجراءات الفنية (IC) 2013-03-10 كتاب Dewey Decimal Classification  
  2013-03-10     820.9 WJE 2011-09-10 قسم الاجراءات الفنية (IC) 00101693 قسم الاجراءات الفنية (IC) 2013-03-10 كتاب Dewey Decimal Classification  
  2013-03-10     820.9 W J T 2012-03-20 مكتبة كلية التربية بالزلفى - طالبات (EZF) 00013241 مكتبة كلية التربية بالزلفى - طالبات (EZF) 2013-03-10 كتاب Dewey Decimal Classification  
  2013-03-10     820.9 WJE 2012-03-14 مكتبة كلية العلوم و الدراسات الإنسانية برماح - طلاب (SRM) 00013237 مكتبة كلية العلوم و الدراسات الإنسانية برماح - طلاب (SRM) 2013-03-10 كتاب Dewey Decimal Classification